| Tag |
First Indicator |
Second Indicator |
Subfields |
| LEADER |
00000cam a2200000 a 4500 |
| 001 |
in00005646830 |
| 008 |
060105s2005 cau b 001 0 eng d |
| 005 |
20250612162104.1 |
| 010 |
|
|
|a 96035246
|
| 035 |
|
|
|a (OCoLC)ocm62786558
|
| 040 |
|
|
|a CSB
|b eng
|c CSB
|d TXA
|d OCLCF
|d OCLCO
|d OCLCQ
|d OCLCO
|d OCLCQ
|d OCLCL
|
| 020 |
|
|
|a 0809509008
|q (cloth)
|
| 020 |
|
|
|a 9780809509003
|q (cloth)
|
| 020 |
|
|
|a 9780809519002
|q (pbk.)
|
| 020 |
|
|
|a 0809519003
|q (pbk.)
|
| 035 |
|
|
|a (OCoLC)62786558
|
| 050 |
|
4 |
|a PN3435
|b .R44 2005
|
| 082 |
0 |
4 |
|a 809.3/8766
|q OCoLC
|2 20/eng/20230216
|
| 100 |
1 |
|
|a Reginald, R.
|
| 245 |
1 |
0 |
|a Xenograffiti :
|b essays on fantastic literature and other divers topics /
|c by Robert Reginald.
|
| 246 |
3 |
0 |
|a Essays on fantastic literature and other divers topics
|
| 250 |
|
|
|a 2nd ed. rev. and expanded.
|
| 260 |
|
|
|a [San Bernardino, Calif.] :
|b Borgo Press,
|c 2005.
|
| 300 |
|
|
|a 341 pages ;
|c 22 cm.
|
| 336 |
|
|
|a text
|b txt
|2 rdacontent
|
| 337 |
|
|
|a unmediated
|b n
|2 rdamedia
|
| 338 |
|
|
|a volume
|b nc
|2 rdacarrier
|
| 490 |
1 |
|
|a CSUSB faculty author
|
| 490 |
1 |
|
|a I.O. Evans studies in the philosophy and criticism of literature,
|x 0271-9061 ;
|v no. 33
|
| 504 |
|
|
|a Includes bibliographical references and index (pages 299-305).
|
| 505 |
0 |
|
|a Introduction: Ooze from the Muse (2003) -- 1. Anatomy of a Phenomenon (1968) -- 2. Languid dreams : Andrew Lang and The book of dreams and ghosts (1972) -- 3. "They" live! : the parodies of H. Rider Haggard (1978) -- 4. Dance of the spheres: Keith Roberts and the Pavane of history (1978) -- 5. A stitch in time : free will in Ward Moore's Bring the jubilee (1979) -- 6. Once upon a time: an introduction to The Holy Grail Revealed : The real Secret of Rennes-le-Château / by Patricia and Lionel Fanthorpe (1982) -- 7. Neb (1983) -- 8. Beware of the house : the nature of reality in Daphne du Maurier's fantasy (1983) -- 9. Comeau's Magic (1983) -- 10. Curious things : the horror fiction of Eleanor M. Ingram (1983) -- 11. The devil took her! : Charlotte Haldane's Melusine (1983) -- 12. Gory interludes : John Norman and the ennui of sexual fantasy (1983) -- 13. Jewels of fantasy : the Dunsanian pastiches of Vernon Knowles (1983) -- 14. The life of death : Robert Nathan and the necessity of love (1983) -- 15. Merovingian dreams : the Neustrian fantasies of Leslie Barringer (1983) -- 16. One is one and all alone : Fritz Leiber's solipsistic fantasy (1983) -- 17. Paladorean idylls : Sir Henry Newbolt's Aladore (1983) -- 18. Prospero updated : the fantasy of John Bellairs (1983) -- 19. Strange lessons : Edward Heron-Allen's Cosmopoli tales (1983) -- 20. Styx tryx : the humorous fantasies of John Kendrick Bangs (1983) -- 21. A thousand nights in Serendip : Piers Anthony's Hasan (1983) -- 22. Vivo, ergo sum : the problem of immortality in Edwin Lester Arnold's Phra the Phoenician (1983) -- 23. Between order and chaos : the fiction of Bruce McAllister (1983) -- 24. Moral/Immoral : the fictional universe of Michael Reaves (1986) -- 25. Teacher-preacher : R. Lionel Fanthorpe and the literature of abundance (1986) -- 26. The Stafford connection : an introduction to Stafford County, Virginia Tithables, 1723-1790 / by John Vogt and T. William Kethley, Jr. (1990) -- 27. The brush of Æons : George Zebrowski's fictional universe (1991) -- 28. Derynian dreams : the fanasy worlds of Katherine Kurtz (1991) -- 29. The fat man, the consulting detective, and the seller of speculations : the curious world of Arthur Byron Cover (1991) -- 30. Slicing away at suburbia : the fantastic fiction of William F. Nolan (1991) -- 31. A modest proposal (1991) -- 32. Pilgrim award acceptance speech (1993) -- 33. A requiem for Starmont House and FAX collector's editions, 1972-1993 : a history and bibliography (1993) -- 34. Laughing like hell : Brian Stableford's world of agony (1995) -- 35. Margaret Atwood : the young woman in agony (1996) -- 36. A turbot at a time : the mystery novels of Lindsey Davis (1996) -- 37. Thirty years, 1965/66-1995/96 : an introduction to T. Tauri (1996) -- 38. Measuring the marigolds : the fall and rise of Borgo Press (2003) -- 39. On be(com)ing a Librarian (2003) -- 40. KO'd at the OK Corral; or, the perils of pullulating Pseudonymity (2003) -- 41. A few words, a very few words, on writing (2003) -- 42. Double your pleasure, double your fun, schizoid living for everyone! on being a pseudonym (2003) -- 43. Selected review (1971-1993) -- 44. Selected obituaries (1983-2003) -- 45. Amen for now (2003).
|
| 650 |
|
0 |
|a Fantasy fiction
|x History and criticism.
|
| 650 |
|
7 |
|a Fantasy fiction.
|2 fast
|0 (OCoLC)fst00920710
|
| 655 |
|
7 |
|a Criticism, interpretation, etc.
|2 fast
|0 (OCoLC)fst01411635
|
| 758 |
|
|
|i has work:
|a Xenograffiti (Text)
|1 https://id.oclc.org/worldcat/entity/E39PCFwqfYWCb7WF7c3rfKr44q
|4 https://id.oclc.org/worldcat/ontology/hasWork
|
| 830 |
|
0 |
|a CSUSB faculty author.
|
| 830 |
|
0 |
|a I.O. Evans studies in the philosophy & criticism of literature ;
|v no. 33.
|
| 029 |
1 |
|
|a AU@
|b 000076702174
|
| 994 |
|
|
|a Z0
|b TXA
|
| 948 |
|
|
|h HELD BY TXA - 3 OTHER HOLDINGS
|
| 999 |
f |
f |
|s ed15b203-aa47-4947-835f-9f32db9ee741
|i 4d929dd4-9f72-414c-8d35-320775b3ba28
|t 0
|
| 952 |
f |
f |
|p noncirc
|a Texas A&M University
|b College Station
|c Cushing Memorial Library & Archives
|d Cushing: Science Fiction (Does not check out)
|t 0
|e PN3435 .R44 2005
|h Library of Congress classification
|i unmediated -- volume
|m A1485341377A
|
| 998 |
f |
f |
|a PN3435 .R44 2005
|t 0
|l Cushing: Science Fiction (Does not check out)
|